| 000 | 004300000a22001690004500 | ||
|---|---|---|---|
| 003 | MACL | ||
| 005 | 20151229181214.0 | ||
| 008 | 151229b xxu||||| |||| 00| 0 eng d | ||
| 040 |
_aMACL _cMACL |
||
| 041 | _aEnglish | ||
| 082 | _a252.4/HOL | ||
| 100 |
_aHolland, H.S. _924501 |
||
| 245 |
_aLogic and Life _bWith other Sermons |
||
| 260 |
_bLongman's Green & Co. _c1911 |
||
| 650 |
_aReligion _924502 |
||
| 942 |
_cBK _k252.4/HOL _2ddc |
||
| 999 |
_c37649 _d37649 |
||